| 000 | 01371nam a22003135a 4500 | ||
|---|---|---|---|
| 999 |
_c26868 _d26840 |
||
| 003 | EG-ScBUE | ||
| 005 | 20210316112057.0 | ||
| 008 | 181008s2010 ii f 000 d eng d | ||
| 020 | _a8175810440 | ||
| 040 |
_aEG-ScBUE _beng _erda _cEG-ScBUE _dEG-ScBUE |
||
| 082 | 0 | 4 |
_a822.33 _bSHA _222 |
| 100 | 1 |
_aShakespeare, William, _d1564-1616, _eauthor. _930760 |
|
| 245 | 1 | 0 |
_aRichard II : _bedited with a critical introduction, complete text with paraphrase, annotations and explanations and select textual problems / _cWilliam Shakespeare ; [edited by] Raghukul Tilak, M. A., Ph.D., formerly head, Department of English, Meerut College, Anupam Gupta, M. A., Ph.D. |
| 250 | _aTwelfth edition. | ||
| 264 | 1 |
_aNew Delhi : _bRama Brothers India Pvt. Ltd., _c2010. |
|
| 300 |
_ax, 406 pages ; _c18 cm |
||
| 336 |
_2rdacontent _atext _btxt |
||
| 337 |
_2rdamedia _aunmediated _bn |
||
| 338 |
_2rdacarrier _avolume _bnc |
||
| 600 | 1 | 7 |
_aShakespeare, William, _d1564-1616, _xCriticism and interpretation. _2BUEsh |
| 600 | 1 | 7 |
_aRichard _bIII, _cKing of England, _d1452-1485, _vDrama. _2BUEsh |
| 650 | 7 |
_aKings and rulers in literature. _2BUEsh |
|
| 651 | 7 |
_aGreat Britain _xHistory _yRichard III, 1483-1485 _vDrama. _2BUEsh |
|
| 653 |
_bHHUUEENN _cOctober2018 |
||
| 655 |
_vText book _933728 |
||
| 700 | 1 |
_aTilak, Raghukul, _eeditor. |
|
| 700 | 1 |
_aGupta, Anupam, _eeditor. |
|
| 942 |
_2ddc _cTXT |
||